Les reines de Drag Race France All Stars - Statistiques

Statistiques générales
  • Ce quiz a été pris 110 fois
  • Le résultat moyen est 10 sur 10
Statistiques - réponses
Reines % Correct
Mami Watta
99%
La Big Bertha
97%
Misty Phoenix
97%
Piche
97%
Punani
96%
Soa de Muse
96%
Magnetica
95%
Moon
94%
Elips
93%
Kam Hugh
92%
Aucun quiz correspondant
Distribution des résultats
% des personnes avec chaque résultat
Percentile par nombre de réponses
Votre historique - résultats
Vous n’avez pas pris ce quiz